000 00770nam a2200289Ia 4500
005 20260324120953.0
008 008 260324s9999 xx 000 0 eng d
020 _a9780429095276
037 _aEBOOK
040 _aCRL
040 _beng
040 _cCRL
041 _2eng
041 _aeng
084 _qCRL
100 _aThomas A.J. Kuhlbusch; Jörgen Schnekenburger; Claus-Michael Lehr; Wendel Wohlleben
_91160682
245 0 _aSafety of Nanomaterials along Their Lifecycle
245 0 _bRelease, Exposure, and Human Hazards
260 _bTaylor and Francis
260 _c2014
365 _a
365 _b400
856 _uhttp://www.taylorfrancis.com/books/9780429095276
942 _cEBOOK
999 _c1752503
_d1752503